Statistiques concernant Plus grands groupes africains en France

Cliquez ici pour prendre le quiz!

Statistiques générales

  • Ce quiz a été pris 233 fois
  • Le résultat moyen est 11 sur 12

Statistiques - réponses

# de résidentsRéponse% Correct
887 100Algérie
100%
834 600Maroc
100%
316 100Tunisie
100%
122 200Sénégal
99%
98 800R. D. Congo
97%
76 000République du Congo
97%
96 400Mali
95%
119 300Côte d'Ivoire
92%
98 700Cameroun
91%
61 000Guinée
77%
85 000Madagascar
71%
141 000Comores
64%

Distribution des résultats

Percentile par nombre de réponses

% des personnes avec chaque résultat

Votre développement - résultats

Vous n’avez pas pris ce quiz